Culture Générale - Série 2436 - Statistiques

Statistiques générales
  • Ce quiz a été pris 155 fois
  • Le résultat moyen est 5 sur 10
Statistiques - réponses
Question Réponse % Correct
Quel superhéros vit à Gotham City ? Batman
92%
Dans quel pays l'Oise prend-elle sa source ? Belgique
91%
Dans quelle ville française habitent les Spinaliens ? Epinal
72%
Quel est le nom du méchant vizir ennemi d'Aladdin ? Jafar
52%
Quel syndicat a été dirigé par Nicole Notat de1992 à 2002 ? CFDT
49%
De quel pays le Commandant Massoud était-il un chef de guerre ? Afghanistan
45%
Dans quel sport Pierre Albaladejo s'est-il illustré ? rugby
44%
De quel pays les parents de Serge Gainsbourg étaient-ils originaires ? Russie
42%
Quel était l'instrument de musique de prédilection de Stanley Gayetzsky plus connu sous le nom de Stan Getz (1927-1991) ? saxophone
42%
Quel boxeur surnommé "l'ours" a été sacré champion du monde en 2004 ? prénom et nom - voir photo Fabrice Tiozzo
8%
Aucun quiz correspondant
Distribution des résultats
% des personnes avec chaque résultat
Percentile par nombre de réponses
Votre historique - résultats
Vous n’avez pas pris ce quiz